01152naa a22002057a 4500003000400000005001700004008004100021040000800062041000800070044000800078100015100086245012500237260001000362500002600372655003000398700014400428700015200572773013200724711009000856BPK20180201143317.0160225b1982 pl ||||| |||| 10| 0 eng  cBPK aeng aPOL aIGNACIUK, Jerzy.d1969 - 1996.bWyższa Szkoła Inżynierska w Koszalinie - Instytut Inżynierii Materiałowej,cZakład Fizyki Ciała Stałego aTheoretical decomposition model of oversaturated [alfa] Fe-N solution /cJerzy Ignaciuk, Witold Precht, Janusz Żmijan. c1982. aDane z kartoteki bpp. 0aMateriały konferencyjne. aPRECHT, Witold.d1973 - 1996.bWyższa Szkoła Inżynierska w Koszalinie - Instytut Inżynierii Materiałowej,cZakład Chemii Fizycznej aŻMIJAN, Janusz.d1976 - 1996.bWyższa Szkoła Inżynierska w Koszalinie - Instytut Inżynierii Materiałowej,cZakład Fizyki Ciała Stałego iW :tProceedings of the 9th International Symposium on the Reactivity of Solids. Vol. 2. -dWarszawa : PWN, 1982. -gs. 627-632 aInternational Symposium on the Reactivity of Solidsn(9 ;d1980 ;cKraków, Polska).